El paraíso está a los pies de las mujeres : las mujeres y el futuro del mundo musulmán /

Guardado en:
Detalles Bibliográficos
Autor principal: Caferri, Francesca (autor)
Otros autores: Torres, Maruja (prólogo) (prólogo)
Formato: Libro
Idioma:Español
Publicado: Barcelona, España : Paidós, 2013, c2013
Colección:(Paidós Contextos) [s.n.]
Temas:
Etiquetas: Agrega una etiqueta
Sin etiquetas, Sé el primero en etiquetar este registro!

MARC

LEADER 00000nam^a2200000^a^4500
001 000354227
005 20250521000000.0
009 20260310115131.272
020 |a 978-84-493-2867-1 
037 |a Acervo ITESO - Biblioteca 
041 |a ESP 
082 |a 305. 420917671  |b CAF 
100 |a Caferri, Francesca  |e (autor) 
245 1 3 |a El paraíso está a los pies de las mujeres :  |b las mujeres y el futuro del mundo musulmán /  |c F. Caferri ; pról. de M. Torres ; tr. por Paula Caballero Sánchez, María del Carmen Torres García. 
264 4 |a Barcelona, España :  |b Paidós,  |c 2013, c2013 
300 |a 164 p. 
336 |a texto  |b txt  |2 rdacontenido 
337 |a sin mediación  |b n  |2 rdamedio 
338 |a volumen  |b nc  |2 rdasoporte 
440 1 |a (Paidós Contextos) [s.n.] 
500 |a Traducción de: Il paradiso ai piedi delle donne 
649 |a XX 
650 |a Mujeres -  |z Mundo Arabe-Musulmán -  |x Condiciones Sociales y Culturales -  |x Tema Principal 
650 |a Mujeres Musulmanas -  |x Condiciones Sociales y Culturales -  |x Tema Principal 
650 |a Mujeres en la Religión -  |z Mundo Arabe-Musulmán 
650 |a Feminismo -  |z Mundo Arabe-Musulmán -  |x Tema Principal 
650 |a Islamismo -  |x Aspectos Sociales y Culturales 
650 |a Africa del Norte -  |x Condiciones Políticas 
650 |a Africa del Norte -  |x Condiciones Sociales y Culturales 
650 |a Política -  |z Africa del Norte -  |x Historia -  |y 1999-2010 
650 |a Política -  |z Africa del Norte -  |x Historia -  |y 1962-2010 
650 |a Política -  |z Africa del Norte -  |x Historia -  |y 2010 en Adelante 
650 |a Política -  |z Africa del Norte -  |x Historia -  |y Siglo XXI 
650 |a Medio Oriente -  |x Condiciones Políticas 
650 |a Medio Oriente -  |x Condiciones Sociales y Culturales 
650 |a Política -  |z Medio Oriente -  |x Historia -  |y 2001-2010 
650 |a Política -  |z Medio Oriente -  |x Historia -  |y 2010 en Adelante 
650 |a Política -  |z Medio Oriente -  |x Historia -  |y 1948 en Adelante 
650 |a Política -  |z Medio Oriente -  |x Historia -  |y Siglo XXI 
650 |a Mundo Arabe-Musulmán -  |x Condiciones Políticas 
650 |a Mundo Arabe-Musulmán -  |x Condiciones Sociales y Culturales 
650 |a Sociología Política 
650 |a Sociología de la Cultura 
700 |a Torres, Maruja  |e (prólogo) 
910 |a Fondo General 
920 |a Impresos - Libros 
930 |a Colección General 
905 |a 101 
901 |a 0500247416  |b IT1  |c ACC  |i C138854  |u 20250521 
902 |a https://opac.biblio.iteso.mx/vufind/Record/000354227